000 00573cam a22002053a 4500
001 41505
003 PGUSA
005 20140828083932.0
008 121128s2012||||xxu|||||s|||||000 | eng d
040 _aPGUSA
_beng
042 _adc
100 1 _aHervey, Walter L.
_q(Walter Lowrie)
245 1 0 _aPicture-Work
_h[electronic resource] /
_cWalter L. Hervey
260 _bProject Gutenberg,
_c2012
506 _aPublic domain in the USA.
516 _aElectronic text
830 0 _aProject Gutenberg
_v41505
856 4 0 _uhttp://www.gutenberg.org/ebooks/41505
942 _cEB
999 _c270757
_d270757